Proceedings and papers. (Record no. 9250)
[ view plain ]
| 000 -LEADER | |
|---|---|
| fixed length control field | 01258cam a22002651 4500 |
| 001 - CONTROL NUMBER | |
| control field | agr29000299 |
| 003 - CONTROL NUMBER IDENTIFIER | |
| control field | DLC |
| 005 - DATE AND TIME OF LATEST TRANSACTION | |
| control field | 20260227110948.0 |
| 008 - FIXED-LENGTH DATA ELEMENTS--GENERAL INFORMATION | |
| fixed length control field | 740521s1928 xx 100 0 eng |
| 010 ## - LIBRARY OF CONGRESS CONTROL NUMBER | |
| LC control number | agr29000299 |
| 035 ## - SYSTEM CONTROL NUMBER | |
| System control number | (OCoLC)891561 |
| 040 ## - CATALOGING SOURCE | |
| Original cataloging agency | DLC |
| Transcribing agency | DDOT |
| Modifying agency | OCoLC |
| -- | DLC |
| 041 0# - LANGUAGE CODE | |
| Language code of text/sound track or separate title | enggerfrespa |
| 042 ## - AUTHENTICATION CODE | |
| Authentication code | premarc |
| 050 00 - LIBRARY OF CONGRESS CALL NUMBER | |
| Classification number | S590 |
| Item number | .I6 1927 |
| 111 2# - MAIN ENTRY--MEETING NAME | |
| Meeting name or jurisdiction name as entry element | International Congress of Soil Science |
| Number of part/section/meeting | (1st : |
| Date of meeting or treaty signing | 1927 : |
| Location of meeting | Washington, D.C.) |
| 245 00 - TITLE STATEMENT | |
| Title | Proceedings and papers. |
| Statement of responsibility, etc. | Edited under the supervision of the Executive Committee of the American Organizing Committee by R.B. Deemer, assisted by P.R. Dawson and A.R. Merz. |
| 260 ## - PUBLICATION, DISTRIBUTION, ETC. | |
| Place of publication, distribution, etc. | Washington, |
| Name of publisher, distributor, etc. | American Organizing Committee of the First International Congress of Soil Sciences, |
| Date of publication, distribution, etc. | 1928. |
| 300 ## - PHYSICAL DESCRIPTION | |
| Extent | 5 v. in 3. |
| Other physical details | illus., ports., maps, diagrs. |
| Dimensions | 25 cm. |
| 500 ## - GENERAL NOTE | |
| General note | Papers in English, German, French, or Spanish. |
| 504 ## - BIBLIOGRAPHY, ETC. NOTE | |
| Bibliography, etc. note | Includes bibliographies. |
| 505 0# - FORMATTED CONTENTS NOTE | |
| Formatted contents note | v. 1 pt. 1. Proceedings. pt. 2. Commission I.--v. 2. Commission II.--v. 3. Commission III and Commission IV.--v. 4. Commission V and Commission VI.--v. 5. Transcontinental excursion and impressions of the congress and of America. |
| 650 #0 - SUBJECT ADDED ENTRY--TOPICAL TERM | |
| Topical term or geographic name entry element | Soils |
| Form subdivision | Congresses. |
| 700 1# - ADDED ENTRY--PERSONAL NAME | |
| Personal name | Deemer, Ralph Barbour, |
| Dates associated with a name | 1885- |
| Relator term | ed. |
No items available.